000 01623cam a2200385Li 4500
001 ocn471008924
003 TZ-ArACH
005 20130913125358.0
008 071211s2007 fr 000 0 fre d
015 _a00805259
_2bnf
016 7 _aFRBNF411696690000008
_2FrPBN
020 _a9782296044227 (br)
020 _a2296044220 (br)
035 _a(OCoLC)471008924
040 _aBDF
_encafnor
_bfre
_cTZ-ArACH
_dCHRRO
041 _aFre
049 _aTZAA
050 _aKZ6385
_b.I34
082 1 4 _a341.6
_222
100 1 _aIagolnitzer, Daniel,
_d1940-....
_912866
245 1 3 _aDroit international et la guerre : évolution et problèmes actuels /
_bévolution et problèmes actuels /
_cDaniel Iagolnitzer.
260 _aParis :
_bHarmattan,
_c2007
_e(14-Condé-sur-Noireau :
_fImpr. Corlet numérique)
300 _a1 vol. (130 p.) ;
_c22 cm.
490 0 _aQuestions contemporaines
500 _aEn appendice, choix de documents.
650 7 _aGuerre (droit international)
_2ram
_912867
650 7 _aDroit de la guerre
_xDroit international.
_2rero
_912868
760 0 _tQuestions contemporaines,
_d2007
_x1286-8698
_w(FrPBN)36590188
856 4 2 _3Notice et cote du catalogue de la Bibliothèque nationale de France
_uhttp://catalogue.bnf.fr/ark:/12148/cb41169669t
886 1 _2intermrc
_a009
_ba--d---------------
886 2 _2intermrc
_a680
_b0-
_a340
_b340
942 _2lcc
_cBOOK
999 _c2514
_d2514